| 000 | 00796nam a2200217Ia 4500 | ||
|---|---|---|---|
| 003 | GCL | ||
| 008 | 140319s9999 xx 000 0 ara d | ||
| 020 | _a8815201977 | ||
| 040 |
_aGCL / _cGCL |
||
| 082 | 0 | 4 |
_aق _b279.9 _bع د |
| 100 | 1 | _aعبدالعظيم رمضان | |
| 245 | 1 | 0 |
_aالدور الوطنى للكنيسة المصرية عبر العصور / _cعبدالعظيم رمضان |
| 260 |
_aالقاهرة : _bالهيئة المصرية العامة للكتاب ، _c2002 |
||
| 300 |
_a328 ص ؛ _c22 سم |
||
| 490 |
_aتاريخ المصريين _v224 |
||
| 650 | 0 | 4 | _aالاسلام والديانات الاخرى |
| 650 | 0 | 4 | _aالكنيسة القبطية |
| 650 | 0 | 4 | _aالكنائس - تاريخ |
| 650 | 0 | 4 | _aمصر - مؤتمرات وندوات |
| 942 |
_2ddc _cBK |
||
| 999 |
_c42441 _d42441 |
||